Sommer, Erich F., 1912-1996. Geboren in Moskau. - München : Langen Müller. - 1997 [Rezension]

Titel: Sommer, Erich F., 1912-1996. Geboren in Moskau. - München : Langen Müller. - 1997 [Rezension]
Verfasser:
In: Jahrbuch des baltischen Deutschtums, Band 46 (1998), Seite 197-198
alle Artikel anzeigen
Veröffentlicht: 1998 [1999]
Format: Aufsatz
Sprache: Deutsch
Kein Bild verfügbar
X
alg: 39515712
001A    $01999:12-11-16 
001B    $01999:09-08-21 $t17:41:23.000 
001D    $01999:12-11-16 
001U    $0utf8 
001X    $00 
002@    $0Aox 
003@    $0395157129 
007A    $0395157129 $aHEB 
007T    $0Herde01463 
010@    $ager 
011@    $a1998 $n1998 [1999] 
021A    $aSommer, Erich F., 1912-1996. Geboren in Moskau. - München : Langen Müller. -  1997 [Rezension] 
028A    $#Garlef, Michael $#Garlefs, Mihaels $7123280079 $8Garleff, Michael$Z1940- [Tp1] $9134716108 
031A    $d46 $h197-198 $j1998 
039B    $aIn $8--Abvc--. Jahrbuch des baltischen Deutschtums. - Lüneburg : Carl-Schirren-Ges., 1927-2012. - ISSN 0075-2436 $x199800000460000803 $9047351179 
039T    $8--Aau--Sommer, Erich F.$Z1912-1996 [Tp1]. Geboren in Moskau. - München : Langen Müller, 1997. - 456 S.. - Ill.. - ISBN 3-7844-2614-X $9054518717 
045F    $a900.9479 $eDDC23BSB 
045F/01 $a900 
045F/03 $g479 
045T    $a7,41 $a7,44 
045T    $aGER $qDE-30 $2FID 

lok: 39515712 78

exp: 39515712 78 1 #EPN
201B/01 $018-11-16 $t13:55:09.000 
201U/01 $0utf8 
203@/01 $0791459470 
208@/01 $a12-11-16 $be 
209A/01 $a/ $f000 $x00 
220C/01 $aTitelaufnehmer: pk 
220C/01 $aHerkunft: Baltische Bibliographie / P. Kaegbein 
244Z/01 $2Trx $#Baltijos šalys $#kraje bałtyckie $#Baltikum $8--Trx--Baltische Länder $x01 $9391352903 
244Z/01 $2Trx $#arvustused $#recenzijos $#Reviews $#recenziók $#recenzje $#recenzie $#recenze $8--Trx--Rezensionen $x02 $9391357441 
247C/01 $82080>Marburg/Lahn, Herder-Institut, Forschungsbibliothek, Bibliographieportal $9336309341
LEADER 00000caa a22000002c 4500
001 395157129
003 DE-603
005 20210809174123.0
007 tu
008 161112s1998 xx |||| | u00||u|ger c
035 |a (DE-599)HEB395157129 
040 |a DE-603  |b ger  |c DE-603  |d DE-603 
041 |a ger 
082 0 4 |8 1\u  |a 900.9479  |q DE-101  |2 23/BSB 
084 |a 7,41  |a 7,44  |2 ssgn 
084 |a GER  |q DE-30  |2 fid 
085 |8 1\u  |b 900 
085 |8 1\u  |z 2  |s 479 
100 1 |a Garleff, Michael  |d 1940-  |0 (DE-603)134716108  |0 (DE-588)123280079  |2 gnd 
245 0 0 |a Sommer, Erich F., 1912-1996. Geboren in Moskau. - München : Langen Müller. - 1997 [Rezension] 
264 0 |c 1998 [1999] 
773 0 8 |i In  |t Jahrbuch des baltischen Deutschtums  |d Lüneburg : Carl-Schirren-Ges., 1927-2012  |x 0075-2436  |g Band 46 (1998), Seite 197-198  |w (DE-603)047351179  |w (DE-600)217235-5 
787 0 8 |i Rezension von  |a Sommer, Erich F., 1912-1996  |t Geboren in Moskau  |d München : Langen Müller, 1997  |h 456 S., Ill.  |z 378442614X  |w (DE-603)054518717 
924 0 |9 2080  |a (DE-603)791459470  |b DE-2080  |c HES  |d d  |g /